[Event "Montigny le Bretonneux op 10th"]
[Site "Montigny le Bretonneux"]
[Date "2011.10.26"]
[Round "5"]
[White "Guillet, Jacques"]
[Black "Fouliard, Matthieu"]
[Result "1-0"]
[WhiteElo "1496"]
[BlackElo "1440"]
[PlyCount "91"]
[EventDate "2011.10.22"]
[EventType "swiss"]
[EventRounds "9"]
[EventCountry "FRA"]
[SourceTitle "EXT 2012"]
[Source "ChessBase"]
[SourceDate "2011.11.24"]
[SourceVersion "1"]
[SourceVersionDate "2011.11.24"]
[SourceQuality "1"]

1. e4 e5 2. Nf3 Nc6 3. d4 exd4 4. Bc4 Nf6 5. 0-0 Nxe4 6. Re1 d5 7. Bxd5 Qxd5 8. Nc3 Qh5 9. Nxe4 Be6 10. Bg5 Bb4 11. Nxd4 Qxd1 12. Rexd1 h6 13. Nxc6 bxc6 14. Bf4 Bf5 15. c3 Ba5 16. Ng3 Be6 17. Ne4 g5 18. Be5 Rf8 19. Bg7 Rg8 20. Nf6+ Ke7 21. Nxg8+ Rxg8 22. Bd4 Rb8 23. Bc5+ Kf6 24. b4 Bb6 25. Bd4+ Kf5 26. f3 Kf4 27. Kf2 Re8 28. Re1 Bxd4+ 29. cxd4 Rd8 30. Re4+ Kf5 31. g4+ Kg6 32. Rc1 Kg7 33. a4 Bb3 34. Kg3 Bxa4 35. Ra1 Bc2 36. Re7 Rxd4 37. Rxc7 Rxb4 38. Raxa7 Rb3 39. Rxf7+ Kg6 40. Rg7+ Kf6 41. Raf7+ Ke5 42. Rc7 Kf6 43. Rgf7+ Kg6 44. Rf8 c5 45. h4 c4 46. h5# 1-0

[Event "Montigny le Bretonneux Noel op 13th"]
[Site "Montigny le Bretonneux"]
[Date "2010.12.29"]
[Round "5"]
[White "Durez, Gerard"]
[Black "Guillet, Jacques"]
[Result "1/2-1/2"]
[WhiteElo "1633"]
[BlackElo "1568"]
[PlyCount "91"]
[EventDate "2010.12.26"]
[EventType "swiss"]
[EventRounds "7"]
[EventCountry "FRA"]
[SourceTitle "CBM 140 Extra"]
[Source "ChessBase"]
[SourceDate "2011.03.01"]
[SourceVersion "1"]
[SourceVersionDate "2011.03.01"]
[SourceQuality "1"]

1. d4 Nf6 2. Nc3 d5 3. Bf4 g6 4. e3 Bg7 5. Bd3 0-0 6. Nf3 Nbd7 7. Ne5 c5 8. 0-0 cxd4 9. Nxd7 Bxd7 10. exd4 Qb6 11. Ne2 Rfd8 12. Rb1 Rac8 13. c3 Ne4 14. Bxe4 dxe4 15. Ng3 Bb5 16. Re1 Bd3 17. Rc1 Qxb2 18. Qb3 Qxb3 19. axb3 f5 20. f3 Rxc3 21. Be5 Rxc1 22. Rxc1 Bxe5 23. dxe5 e3 24. Rd1 Kf7 25. Ne2 Ke8 26. Nf4 e2 27. Re1 Bb5 28. Nxe2 Bxe2 29. Rxe2 Rd1+ 30. Kf2 e6 31. Rc2 Kd7 32. h4 h6 33. Ke3 Re1+ 34. Kd4 b6 35. Rd2 Ke7 36. Ra2 Rd1+ 37. Kc4 a5 38. Kb5 Rd3 39. Rb2 Rd5+ 40. Kxb6 Rxe5 41. Ra2 Kd6 42. Rc2 Rd5 43. f4 Rd3 44. Rc6+ Kd5 45. Rc5+ Ke4 46. Re5+ 1/2-1/2

[Event "Elancourt op"]
[Site "Elancourt"]
[Date "2010.04.26"]
[Round "2"]
[White "Guillet, Jacques"]
[Black "Lemiere, Gerard"]
[Result "0-1"]
[WhiteElo "1547"]
[BlackElo "1200"]
[PlyCount "59"]
[EventDate "2010.04.25"]
[EventType "swiss"]
[EventRounds "9"]
[EventCountry "FRA"]
[SourceTitle "CBM 136 Extra"]
[Source "ChessBase"]
[SourceDate "2010.07.02"]
[SourceVersion "2"]
[SourceVersionDate "2010.07.15"]
[SourceQuality "1"]

1. e4 d5 2. exd5 Nf6 3. c4 c6 4. dxc6 Nxc6 5. d3 e5 6. Nf3 Bb4+ 7. Bd2 0-0 8. Be2 Bf5 9. Qb3 a5 10. a4 Re8 11. Nh4 Nd4 12. Qd1 e4 13. Nxf5 Nxf5 14. Bxb4 axb4 15. 0-0 exd3 16. Bxd3 Nd4 17. Nd2 Qc7 18. Nf3 Rad8 19. b3 Rd6 20. Nxd4 Rxd4 21. Qc2 Qd7 22. Rad1 g6 23. Be2 Rxd1 24. Rxd1 Qc7 25. h3 Re6 26. Qd2 Ne4 27. Qd8+ Qxd8 28. Rxd8+ Kg7 29. Rd5 Nc3 30. Bg4 0-1

[Event "Montigny le Bretonneux-C 8th"]
[Site "Montigny le Bretonneux"]
[Date "2009.10.28"]
[Round "5"]
[White "Hurlot, Rodolphe"]
[Black "Guillet, Jacques"]
[Result "0-1"]
[WhiteElo "1740"]
[BlackElo "1555"]
[PlyCount "66"]
[EventDate "2009.10.24"]
[EventType "tourn"]
[EventRounds "9"]
[EventCountry "FRA"]
[SourceTitle "EXT 2011"]
[Source "ChessBase"]
[SourceDate "2010.11.26"]
[SourceVersion "1"]
[SourceVersionDate "2010.11.26"]
[SourceQuality "1"]

1. d4 Nf6 2. c4 g6 3. Nc3 d5 4. e3 Bg7 5. Nf3 c5 6. Qb3 cxd4 7. exd4 dxc4 8. Bxc4 0-0 9. Ne5 e6 10. Be3 Nbd7 11. Rd1 Nb6 12. Be2 Nfd5 13. 0-0 Qc7 14. Nb5 Qb8 15. Nf3 a6 16. Nc3 Bd7 17. Ne5 Bxe5 18. dxe5 Nxe3 19. fxe3 Qc7 20. Rd6 Bc6 21. Bf3 Nc8 22. Rd3 Qxe5 23. Bxc6 bxc6 24. Qb7 Rb8 25. Qd7 c5 26. Na4 Nb6 27. Nxb6 Rxb6 28. Qa7 Rxb2 29. Rd7 Qxe3+ 30. Kh1 Qf2 31. Rg1 Rfb8 32. Rdd1 c4 33. Rdf1 Qxa7 0-1

[Event "Saint Quentin op 11th"]
[Site "Elancourt"]
[Date "2009.04.19"]
[Round "2"]
[White "De Lagontrie, Jean"]
[Black "Guillet, Jacques"]
[Result "1-0"]
[WhiteElo "1889"]
[BlackElo "1573"]
[PlyCount "61"]
[EventDate "2009.04.18"]
[EventType "swiss"]
[EventRounds "9"]
[EventCountry "FRA"]
[SourceTitle "CBM 129 Extra"]
[Source "ChessBase"]
[SourceDate "2009.05.05"]
[SourceVersion "2"]
[SourceVersionDate "2009.05.20"]
[SourceQuality "1"]

1. d4 Nf6 2. c4 g6 3. Nc3 d5 4. cxd5 Nxd5 5. e4 Nxc3 6. bxc3 Bg7 7. Bc4 0-0 8. Ne2 c5 9. Be3 cxd4 10. cxd4 Qa5+ 11. Bd2 Qd8 12. Bc3 Nc6 13. 0-0 Na5 14. Bd3 Bg4 15. f3 Bd7 16. Qd2 b6 17. Rac1 Nc6 18. f4 Bg4 19. d5 Bxe2 20. Bxe2 Na5 21. Bxg7 Kxg7 22. Ba6 Rb8 23. a4 Nb7 24. Bxb7 Rxb7 25. Qd4+ f6 26. Rc6 Rc7 27. Rfc1 Rxc6 28. Rxc6 Qd7 29. h3 Rc8 30. Qc3 Rxc6 31. Qxc6 1-0

[Event "FRA-chT2 West 0809"]
[Site "France"]
[Date "2008.11.22"]
[Round "2.8"]
[White "Chevallier, Nathalie"]
[Black "Guillet, Jacques"]
[Result "0-1"]
[WhiteElo "1420"]
[BlackElo "1610"]
[PlyCount "44"]
[EventDate "2008.10.19"]
[EventType "team-tourn"]
[EventRounds "11"]
[EventCountry "FRA"]
[SourceTitle "EXT 2010"]
[Source "ChessBase"]
[SourceDate "2010.11.25"]
[SourceVersion "1"]
[SourceVersionDate "2010.11.25"]
[SourceQuality "1"]
[WhiteTeam "Tours"]
[BlackTeam "Saint Quentin"]
[WhiteTeamCountry "FRA"]
[BlackTeamCountry "FRA"]

1. d4 Nf6 2. Nf3 g6 3. Bf4 Bg7 4. c3 0-0 5. Nbd2 d6 6. e4 Nbd7 7. e5 Nh5 8. Be3 dxe5 9. Be2 exd4 10. Bxd4 e5 11. Be3 Nf4 12. 0-0 Nxe2+ 13. Qxe2 Re8 14. Rad1 Qe7 15. Rfe1 Nf6 16. h3 Nd5 17. Bg5 f6 18. Bh4 Nf4 19. Qe4 c6 20. Nc4 Bf5 21. Qe3 Bh6 22. Kh1 g5 0-1

[Event "Montigny le Bretonneux Noel op 10th"]
[Site "Montigny le Bretonneux"]
[Date "2007.11.04"]
[Round "2"]
[White "Guillet, Jacques"]
[Black "Puyo, Elisabeth"]
[Result "1-0"]
[WhiteElo "1620"]
[BlackElo "1300"]
[PlyCount "37"]
[EventDate "2007.12.26"]
[EventType "swiss"]
[EventRounds "7"]
[EventCountry "FRA"]
[SourceTitle "EXT 2008"]
[Source "ChessBase"]
[SourceDate "2007.11.25"]
[SourceVersion "1"]
[SourceVersionDate "2007.11.25"]
[SourceQuality "1"]

1. e4 e5 2. Nf3 Nc6 3. d4 d5 4. Nxe5 dxe4 5. Bb5 Bd7 6. Nxc6 Bxc6 7. Bxc6+ bxc6 8. 0-0 Nf6 9. Re1 Be7 10. Bg5 0-0 11. Nc3 Re8 12. Qd2 Qd6 13. Bf4 Qd7 14. Nxe4 Nxe4 15. Rxe4 Bd6 16. Rae1 Rxe4 17. Rxe4 Rf8 18. Bxd6 cxd6 19. Qe2 1-0

[Event "Montigny le Bretonneux Noel op 10th"]
[Site "Montigny le Bretonneux"]
[Date "2007.11.02"]
[Round "7"]
[White "Kermadec, Geoffroy"]
[Black "Guillet, Jacques"]
[Result "1-0"]
[WhiteElo "1630"]
[BlackElo "1620"]
[PlyCount "65"]
[EventDate "2007.12.26"]
[EventType "swiss"]
[EventRounds "7"]
[EventCountry "FRA"]
[SourceTitle "EXT 2008"]
[Source "ChessBase"]
[SourceDate "2007.11.25"]
[SourceVersion "1"]
[SourceVersionDate "2007.11.25"]
[SourceQuality "1"]

1. d4 Nf6 2. c4 g6 3. Nc3 d5 4. Nf3 Bg7 5. Bf4 0-0 6. e3 c6 7. Be2 Bf5 8. Qb3 b6 9. 0-0 Ne4 10. cxd5 Nxc3 11. bxc3 cxd5 12. c4 e6 13. Ne5 g5 14. Bg3 f6 15. Nd3 Nc6 16. cxd5 Qxd5 17. Qxd5 exd5 18. Bf3 Rad8 19. Rfd1 Rf7 20. Rac1 Bxd3 21. Rxd3 Nb4 22. Rb3 Bf8 23. a3 Na6 24. Bg4 Kg7 25. Bc8 Nc5 26. dxc5 Rxc8 27. c6 f5 28. Be5+ Kg6 29. f4 gxf4 30. Bxf4 Bc5 31. c7 Re7 32. Rd3 Rd7 33. Rcd1 1-0

[Event "Elancourt op 10th"]
[Site "Elancourt"]
[Date "2007.04.16"]
[Round "4"]
[White "Guillet, Jacques"]
[Black "Duval, Sylvain"]
[Result "1/2-1/2"]
[WhiteElo "1540"]
[BlackElo "1970"]
[PlyCount "41"]
[EventDate "2007.04.14"]
[EventType "swiss"]
[EventRounds "9"]
[EventCountry "FRA"]
[SourceTitle "CBM 118 Extra"]
[Source "ChessBase"]
[SourceDate "2007.07.04"]
[SourceVersion "1"]
[SourceVersionDate "2007.07.04"]
[SourceQuality "1"]

1. e4 c5 2. Nf3 g6 3. d4 cxd4 4. Nxd4 Nc6 5. Nc3 Bg7 6. Be3 d6 7. Qd2 Nf6 8. f3 d5 9. 0-0-0 dxe4 10. fxe4 Ng4 11. Nxc6 Qxd2+ 12. Rxd2 bxc6 13. Bf4 e5 14. Bg5 f6 15. h3 fxg5 16. hxg4 Bxg4 17. Rd6 Rc8 18. Be2 Bd7 19. Rhd1 Rd8 20. Bg4 Bxg4 21. Rxd8+ 1/2-1/2

[Event "Elancourt op 10th"]
[Site "Elancourt"]
[Date "2007.04.14"]
[Round "1"]
[White "Costa, Pierre Jean"]
[Black "Guillet, Jacques"]
[Result "1-0"]
[WhiteElo "1953"]
[BlackElo "1540"]
[PlyCount "23"]
[EventDate "2007.04.14"]
[EventType "swiss"]
[EventRounds "9"]
[EventCountry "FRA"]
[SourceTitle "CBM 118 Extra"]
[Source "ChessBase"]
[SourceDate "2007.07.04"]
[SourceVersion "1"]
[SourceVersionDate "2007.07.04"]
[SourceQuality "1"]

1. e4 e6 2. d4 d5 3. Nc3 Bb4 4. e5 Ne7 5. a3 Bxc3+ 6. bxc3 0-0 7. Bd3 Nd7 8. Nf3 c5 9. Bxh7+ Kxh7 10. Ng5+ Kg6 11. Qg4 f5 12. Qg3 1-0

[Event "Montigny le Bretonneux op 5th"]
[Site "Montigny le Bretonneux"]
[Date "2006.10.28"]
[Round "1.1"]
[White "Guillet, Jacques"]
[Black "Hurlot, Rodolphe"]
[Result "1-0"]
[WhiteElo "1490"]
[BlackElo "1630"]
[PlyCount "80"]
[EventDate "2006.10.28"]
[EventType "swiss"]
[EventRounds "9"]
[EventCountry "FRA"]
[SourceTitle "EXT 2007"]
[Source "ChessBase"]
[SourceDate "2006.11.23"]
[SourceVersion "1"]
[SourceVersionDate "2006.11.23"]
[SourceQuality "1"]

1. e4 e6 2. d4 d5 3. Nc3 dxe4 4. Nxe4 Nd7 5. Nf3 Ngf6 6. Nxf6+ Nxf6 7. Bd3 c6 8. Qe2 Bd6 9. Bg5 Qa5+ 10. c3 Nd5 11. 0-0 h6 12. Be3 Qc7 13. g3 Bd7 14. Bd2 b6 15. Ne5 Rf8 16. f4 0-0-0 17. f5 Kb8 18. Rac1 Ne7 19. Nxf7 Rxf7 20. fxe6 Rxf1+ 21. Rxf1 Bc8 22. Rf7 Rg8 23. Bh7 Re8 24. Rxg7 Rf8 25. Bxh6 Bb7 26. Rf7 Rh8 27. Qf3 Qd8 28. Qf6 Qc7 29. Qxh8+ Bc8 30. Qf6 Bxg3 31. Rxe7 Bxh2+ 32. Kf1 Qg3 33. Qe5+ Qxe5 34. dxe5 Bxe5 35. Rf7 a6 36. e7 Bd7 37. Rf8+ Kc7 38. e8N+ Bxe8 39. Rxe8 Kd6 40. Rg8 Kd5 1-0

[Event "Elancourt op"]
[Site "Elancourt"]
[Date "2006.04.19"]
[Round "5"]
[White "Guillet, Jacques"]
[Black "Benhamouda, Matthieu"]
[Result "1/2-1/2"]
[WhiteElo "1460"]
[BlackElo "1520"]
[PlyCount "102"]
[EventDate "2006.04.16"]
[EventType "swiss"]
[EventRounds "9"]
[EventCountry "FRA"]
[SourceTitle "CBM 111 Extra"]
[Source "ChessBase"]
[SourceDate "2006.05.09"]
[SourceVersion "1"]
[SourceVersionDate "2006.05.09"]
[SourceQuality "1"]

1. d4 d5 2. c4 e6 3. Nc3 Nf6 4. cxd5 Nxd5 5. e4 Nxc3 6. bxc3 e5 7. Nf3 Bg4 8. Bc4 g6 9. Bxf7+ Kxf7 10. Nxe5+ Ke8 11. Qxg4 Nd7 12. Qf4 Qf6 13. Nxd7 Qxf4 14. Bxf4 Kxd7 15. Rb1 b6 16. Ke2 Re8 17. f3 g5 18. Be5 Rg8 19. g4 a6 20. Rb3 Re7 21. c4 Rg6 22. Bg3 Bg7 23. Rd1 Rge6 24. Kd3 Rf7 25. Rf1 Ref6 26. Ke2 Rc6 27. Kd3 Rcf6 28. Ke3 Rc6 29. Rc3 Kc8 30. e5 Rd7 31. f4 gxf4+ 32. Rxf4 Bh6 33. d5 Bxf4+ 34. Bxf4 Rxd5 35. cxd5 Rxc3+ 36. Kd4 Rf3 37. Ke4 Rf2 38. e6 Kd8 39. Kf5 Ke8 40. h4 Rf1 41. Kg5 Rd1 42. Bxc7 Rxd5+ 43. Kh6 Rc5 44. Bxb6 Rc6 45. Bf2 Rxe6+ 46. Kxh7 Re4 47. g5 Rg4 48. g6 Rg2 49. g7 Kf7 50. Bd4 Rg4 51. h5 Rg2 1/2-1/2